Chi tra questi ha vinto il premio Nobel per la letteratura? - Statistics

Statistiche generali
  • Questo quiz è stato fatto 137 volte
  • Il punteggio medio è 5 su 12
Answers on the Grid
Answers color-coded by a green-red scale on the quiz's grid according to % correct below.
Giosuè Carducci
Grazia Deledda
Umberto Eco
Winston Churchill
Italo Calvino
Italo Svevo
Umberto Saba
Ernest Hemingway
Enrico Fermi
Salvatore Quasimodo
Bob Dylan
Pablo Neruda
Pier Paolo Pasolini
Giovanni Verga
Dario Fo
Eugenio Montale
Gabriel Garcia Marquez
Gabriele D'Annunzio
Luigi Pirandello
James Joyce
Virginia Woolf
Lev Tolstoj
Marcel Proust
Bertrand Russell
 
Statistiche sulle risposte
Risposta % Corretto
Grazia Deledda
67%
Giosuè Carducci
63%
Dario Fo
59%
Luigi Pirandello
51%
Salvatore Quasimodo
51%
Ernest Hemingway
45%
Eugenio Montale
43%
Gabriel Garcia Marquez
43%
Bob Dylan
37%
Winston Churchill
31%
Pablo Neruda
29%
Bertrand Russell
18%
Nessun quiz corrispondente trovato
Distribuzione punteggi
Percentuale di utenti per punteggio
Percentile per numero di risposta
I tuoi punteggi nel tempo
Non hai fatto questo quiz